Score 0/30 Timer 08:00
1 Play Today
% Correct
sad
90.6%
real
90.2%
light
89.8%
old
89.2%
ill
88.1%
sore
87.5%
mad
87.1%
plain
86.5%
past
86.4%
red
85.9%
fat
85.8%
evil
85.7%
ample
85.4%
hot
85%
even
85%
% Correct
cute
84.9%
long
83.9%
fast
83.7%
fun
83.6%
lone
83.6%
last
83.3%
tall
83%
thin
82.2%
round
81.8%
fine
81.6%
tame
81%
flat
77.9%
rich
77.1%
new
76%
neat
75.4%
Remove Ads.
Support Sporcle.
Get the best of Sporcle when you Go Orange. This ad-free experience offers more features, more stats, and more fun while also helping to support Sporcle. Thank you for becoming a member.

You're not logged in!

Compare scores with friends on all Sporcle quizzes.
OR
Log In

Show Comments

Extras

Top Quizzes Today


Score Distribution

Your Account Isn't Verified!

In order to create a playlist on Sporcle, you need to verify the email address you used during registration. Go to your Sporcle Settings to finish the process.

Report this User

Report this user for behavior that violates our Community Guidelines.

Details: